Normal view MARC view

Entry Personal Name

Number of records used in: 2

001 - CONTROL NUMBER

  • control field: 23534

003 - CONTROL NUMBER IDENTIFIER

  • control field: dpl

005 - DATE AND TIME OF LATEST TRANSACTION

  • control field: 20101015142547.0

008 - FIXED-LENGTH DATA ELEMENTS

  • fixed length control field: 101015|||a|||||| | ||| d

040 ## - CATALOGING SOURCE

  • Original cataloging agency: dpl
  • Transcribing agency: dpl

100 ## - HEADING--PERSONAL NAME

  • Personal name: नसीम, एम.

670 ## - SOURCE DATA FOUND

  • Source citation: Work cat.: (dpl)34139: अब्बास, ख़्वाजा, अहमद 23533, हैलो मिस मालती /, 2009

670 ## - SOURCE DATA FOUND

  • Source citation: Work cat.: (dpl)34139: अब्बास, ख़्वाजा, अहमद 23533, हैलो मिस मालती /, 2009

© Delhi Public Library
Hit Counter
free hit counter